| 000 | 00878nam a2200241 a 4500 | ||
|---|---|---|---|
| 999 |
_c11073 _d11073 |
||
| 001 | 11073 | ||
| 003 | BD-JhCC | ||
| 005 | 20190728112845.0 | ||
| 008 | 190628b20002013bg |||| ||a| 000 0 ben d | ||
| 020 | _a9847010504736 | ||
| 035 | _a(BD-JhCC)11073 | ||
| 040 |
_aBD-JhCC _dBD-JhCC |
||
| 041 | _aben | ||
| 082 |
_a491.44321 _bRAH 2013 |
||
| 100 | _aরহমান, মুহাম্মদ হাবিবুর | ||
| 245 |
_aবাংলা ভাষায় প্রথম অন্ত্যমিল শব্দের অভিধান : _bমিত্রাক্ষর / _cমুহাম্মদ হাবিবুর রহমান । |
||
| 260 |
_aঢাকা: _bঅনন্যা; _c২০১৩. |
||
| 300 |
_a৪৫৯ পৃঃ . : _c২২ সেমি. |
||
| 650 | _aBengali Glossany | ||
| 650 | _aDictionary | ||
| 942 |
_2ddc _cBK |
||